Sports Cryptogram Quiz Stats

 Plays Quiz not verified by Sporcle

Challenge
Share
Tweet
Embed
Score 0/12 Timer 03:00
0 Plays Today
Cryptogram Sport % Correct
R T Y Z R T C Cbaseball
90.5%
M N N P R T C Cfootball
88.6%
Y N W W G Usoccer
88.1%
S N C Mgolf
81.6%
P G H H L Ytennis
77.1%
C T W U N Y Y Glacrosse
72.6%
U F S R Drugby
71.1%
W U L W X G Pcricket
64.7%
O N W X G Dhockey
61.7%
R N K L H Sboxing
54.7%
S D A H T Y P L W Ygymnastics
52.7%
I N X G Upoker
45.8%

You're not logged in!

Compare scores with friends on all Sporcle quizzes.
Join for Free
OR
Log In

You Might Also Like...

Show Comments

Extras

Created Apr 20, 2011ReportNominate
Tags:cryptogram

Top Quizzes Today


Score Distribution

Your Account Isn't Verified!

In order to create a playlist on Sporcle, you need to verify the email address you used during registration. Go to your Sporcle Settings to finish the process.

Report this User

Report this user for behavior that violates our Community Guidelines.

Details: